logo

Bir Sreshtho Munshi Abdur Rouf Library
Jhenaidah Cadet College

Contemporary composition / (Record no. 1935)

MARC details
000 -LEADER
fixed length control field 00766nam a2200265 a 4500
001 - CONTROL NUMBER
JCCL Control Number 1935
003 - CONTROL NUMBER IDENTIFIER
JCCL marc code BD-JhCC
005 - DATE AND TIME OF LATEST TRANSACTION
control field 20171026172941.0
008 - FIXED-LENGTH DATA ELEMENTS--GENERAL INFORMATION
fixed length control field 850718s1986 mauaf b 001 0 eng
020 ## - INTERNATIONAL STANDARD BOOK NUMBER
International Standard Book Number 0395402824 (pbk.)
035 ## - SYSTEM CONTROL NUMBER
system control number (BD-JhCC)1935
040 ## - CATALOGING SOURCE
Original cataloging agency DLC
Transcribing agency DLC
Modifying agency DLC
041 ## - LANGUAGE CODE
Language code of Book eng
050 00 - LIBRARY OF CONGRESS CALL NUMBER
Classification number PE1408
Item number .H2952 1986
082 00 - DEWEY DECIMAL CLASSIFICATION NUMBER
Classification number 808/.042
DDC Edition number 19
Author mark and Year HAI 1986
100 1# - MAIN ENTRY--PERSONAL NAME
Personal name Hairston, Maxine.
245 10 - TITLE STATEMENT
Title Contemporary composition /
Statement of responsibility, etc Maxine Hairston.
250 ## - EDITION STATEMENT
Edition statement 4th ed., Short ed.
260 ## - PUBLICATION, DISTRIBUTION, ETC. (IMPRINT)
Place of publication, distribution, etc Boston :
Name of publisher, distributor, etc Houghton Mifflin Co.,
Date of publication, distribution, etc c1986.
300 ## - PHYSICAL DESCRIPTION
Pagination xii, 490 p., [4] p. of plates :
Other physical details ill. ;
Dimensions 23 cm.
504 ## - BIBLIOGRAPHY, ETC. NOTE
Bibliography, etc Includes bibliographical references and index.
650 #0 - SUBJECT ADDED ENTRY--TOPICAL TERM
Topical term or geographic name as entry element English language
General subdivision Rhetoric.
942 ## - ADDED ENTRY ELEMENTS (KOHA)
Source of classification or shelving scheme Dewey Decimal Classification
Koha item type Books
Holdings
Source of classification or shelving scheme Damaged status Not for loan Home library Current library Shelving location Date of accession Total Checkouts Full call number Barcode Checked out Date last seen Date checked out Copy number Koha item type
Dewey Decimal Classification     JCC Rouf Library JCC Rouf Library General Stacks 01/17/2026 1 808/.042 HAI 1986 2675 02/10/2026 01/17/2026 01/17/2026 C-1 Books

JCC Library | Contacts | JCC Home

Last Update on 23 September 2017
Copyright @ 2017-2020 JCC Rouf Library
Rouf Library, Jhenidah Cadet College (JCC), Bangladesh